000 00539nam a22001697a 4500
003 OSt
005 20260407114954.0
008 260407b |||||||| |||| 00| 0 eng d
040 _cMRSPTU
041 _aEnglish
100 _aSupriya Rani, Supervisor: Sandeep Kansal
245 _aRadiological Risk Assessment in the Environs of Moga and Barnala Disricts of Punjab
260 _bDepartment of Physics, MRSPTU, Bathinda
_c2022
650 _aPhysics
856 _uhttp://163.47.215.52:8080/jspui/handle/123456789/489
942 _2ddc
_cTH
_n0
999 _c11330
_d11330